000 00425nam a2200133Ia 4500
008 211109s9999||||xx |||||||||||||| ||und||
082 _a894.812 2
_bULA-A
100 _aUlahannan Mappilla, P V
245 0 _aAryaputhran
260 _bAuthor
_aChanganasserry
_c1992
630 _xGeneral stack
650 _aLiterature & rhetoric
_vLiteratures of other languages
_xAltaic, Uralic, Hyperborean & DravidianGeneralia
942 _cBOOK
999 _c53175
_d53175